00399 2200145 4500001002100000005001500021035002000036245010700056100001600163260002400179082000800203084001400211990001400225990001400239INLIS00000000000301620250918101041 a0010-09250003631 aKupas Tuntas Microsoft Office Power Point 2003 dan Kupas Tuntas Microsoft Office Access /cAbdul Razak0 aAbdul Razak bPusat Bahasa,c2003 a600 a600 ABD k a05.201333 a05.201334